A Comparative study of yield performance of two important clones of rubber - RRII 105 and RRIM 600 in Mooply valley of Thrissur district (Record no. 74263)

MARC details
000 -LEADER
fixed length control field 00461nam a2200133Ia 4500
100 ## - MAIN ENTRY--AUTHOR NAME
Personal name Perumal Pillai, S.
245 #2 - TITLE STATEMENT
Title A Comparative study of yield performance of two important clones of rubber - RRII 105 and RRIM 600 in Mooply valley of Thrissur district
260 ## - PUBLICATION, DISTRIBUTION, ETC. (IMPRINT)
Name of publisher Kerala Agricultural University
Place of publication Thrissur
Year of publication 1992
300 ## - PHYSICAL DESCRIPTION
Number of Pages 51
500 ## - GENERAL NOTE
General note Course: PGDNRP
700 ## - ADDED ENTRY--PERSONAL NAME
Personal name Dr AON Panikkar
942 ## - ADDED ENTRY ELEMENTS (KOHA)
Koha item type Theses
Holdings
Withdrawn status Lost status Damaged status Not for loan Collection code Home library Current library Shelving location Date acquired Koha item type
      Theses Dissertation RRII Library RRII Library Crop imporvement 31/12/2021 Theses